| 000 | 00464nab a2200145Ia 4500 | ||
|---|---|---|---|
| 003 | ES-SlBCS | ||
| 005 | 20210601124308.0 | ||
| 008 | 140529s1979 xxu||||| |||| 00| 0 eng d | ||
| 041 | _aeng | ||
| 100 | 1 |
_aPekarsky, Daniel _9139315 |
|
| 245 | 0 | 0 |
_aRights and Love in Education: An Essay on the Politicization of the School _c Daniel Pekarsky |
| 650 | 0 | 4 |
_aEducación _986687 |
| 773 | 0 |
_tEducational Theory _gvol. 29, nº. 1, 1979, págs. 11-20 _wRev1399 |
|
| 942 | _cAR | ||
| 999 |
_c512471 _d512471 |
||